000 01111nam a2200313 i 4500
001 000030605
003 DO-SdBNP
005 20260531213659.0
007 ta
008 110524s1983 dr 000 | spa d
040 _aDO-SdBNP
_bspa
_cBNPHU
_erda
049 _aBNPD
082 4 _aRD868.99233
_bV635f
_223
100 1 _aVicioso, Abelardo,
_923473
_eautor
_4aut.
245 1 3 _aEl freno hatero en la literatura dominicana /
_cAbelardo Vicioso.
250 _aPrimera Edición
264 4 _aSanto Domingo :
_bEditora UASD,
_c1983
300 _a379 páginas ;
_c21 cm
336 _2rdacontent
_atexto
_btxt
337 _2rdamedia
_asin mediación
_bn
338 _2rdacarrier
_avolumen
_bnc
490 _aPublicaciones de la Universidad Autónoma de Santo Domingo ;
_v323
490 _aEducación y sociedad
_v21
500 _aIncluye referencias bibliográficas y notas al pie de las páginas.
590 _aInventariado, 2024/BT
650 7 _2Armarc
_aLiteratura Dominicana
_xHistoria y crítica
_9159
650 7 _2Armarc
_aLiteratura y sociedad
_xHistoria
_zRepública Dominicana
_989815
942 _2ddc
_cLFDS
999 _c30097
_d30097